| 000 | 00581nam a22001457a 4500 | ||
|---|---|---|---|
| 020 | _a1-85881-840-0 | ||
| 082 |
_a823 _bGAR/I |
||
| 100 | _aGARDNER, SALLY | ||
| 245 | _aTHE INVISIBLE BOY | ||
| 260 |
_aBRITAIN _bORION CHILDRENS BOOKS _c2002 |
||
| 300 | _a107 | ||
| 520 | _aThis book is about Brian, a boy who feels invisible at school. He is ignored by the teacher and his classmates, never chosen to be on kickball teams, and is excluded at lunch. When a new student, Justin, comes to school, Justin gets made fun of and Brian reassures him. | ||
| 650 | _aSHORT STORY | ||
| 942 | _cBK | ||
| 999 |
_c6045 _d6045 |
||